000 00891nam a2200277 i 4500
001 10040
003 ES-MaACL
005 20250316174441.0
007 t|
008 941115s1993 sp ||||1| spa d
020 _a84-7774-567-6
080 _a1 Chomsky, Noam
100 1 _aChomsky, Noam,
_d1928-
_938607
245 1 0 _aCrónicas de la discrepancia /
_cNoam Chomsky ; entrevistas de David Barsamian ; introducción de Alexander Cockburn.
260 _aMadrid :
_bVisor,
_cD.L. 1993.
300 _a379 p. ;
_c22 cm.
490 1 _aLabalsa de la medusa ;
_v67
600 1 4 _aChomsky, Noam,
_d1928-
_vEntrevistas
_938608
650 7 _2embne
_9233598
_aEntrevistas
700 1 _aBarsamian, David.
_926093
700 1 _aCockburn, Alexander.
_939405
830 0 _aLabalsa de la medusa ;
_v67
_9228092
852 _aES-MaACL
_jL-17417
_bR.122553
942 _2udc
999 _c10040
_d10040